000 00433nmm a2200145Ia 4500
008 251105s9999||||xx |||||||||||||||||und||
041 _aspa
100 _aStewart, Mary
245 0 _aLa cueva de cristal :
_b Trilogía de Merlín 1
264 _a[Madrid, España] :
_bEdiciones B,
_c2015
300 _a567 páginas
650 _aScience fiction & Fantasy
856 _uhttps://public.digitaliapublishing.com/a/53616
942 _cCF
999 _c105291
_d105291